000 00613nam a2200277Ia 4500
005 20260324134243.0
008 008 260324s9999 xx 000 0 eng d
020 _a9781315242071
037 _aEBOOK
040 _aCRL
040 _beng
040 _cCRL
041 _2eng
041 _aeng
084 _qCRL
100 _aJaegwon Kim
_91196138
245 0 _aSupervenience
260 _bTaylor and Francis
260 _c2002
365 _a
365 _b450
856 _uhttp://www.taylorfrancis.com/books/9781315242071
942 _cEBOOK
999 _c1796019
_d1796019